000 00417pab a2200157 454500
008 180718b2012 xxu||||| |||| 00| 0 eng d
100 _aBeeri, Itai
245 _aTurnaround management strategies in local authorities: Not only for poor performers
260 _c2012
300 _ap.461-483.
362 _aAug
650 _aLocal government
773 _aLocal Government Studies
908 _aN
909 _a97881
999 _c97880
_d97880